[Event "Zhukovsky op"]
[Site "Zhukovsky"]
[Date "2012.04.??"]
[Round "9"]
[White "Orekhovsky, Vasily"]
[Black "Pyhtynov, Oleg"]
[Result "1-0"]
[WhiteElo "2119"]
[BlackElo "2106"]
[PlyCount "87"]
[EventDate "2012.04.??"]
[EventType "swiss"]
[EventRounds "9"]
[EventCountry "RUS"]
[SourceTitle "EXT 2014"]
[Source "ChessBase"]
[SourceDate "2013.11.20"]
[SourceVersion "1"]
[SourceVersionDate "2013.11.20"]
[SourceQuality "1"]

1. e4 c5 2. Nf3 a6 3. d4 cxd4 4. Nxd4 Nc6 5. c4 e5 6. Nc2 Nf6 7. Nc3 Bc5 8. Be3 Qa5 9. Qd2 0-0 10. a3 Bxe3 11. Qxe3 d6 12. b4 Qc7 13. Be2 Be6 14. Qd3 Rac8 15. Nd1 Ne7 16. Nce3 Ng6 17. g3 Rfd8 18. 0-0 Bh3 19. Re1 Bd7 20. Rc1 b5 21. Nb2 Qb8 22. f3 bxc4 23. Rxc4 Bb5 24. Rxc8 Qxc8 25. Qd2 Bxe2 26. Rxe2 Qb7 27. Qd3 Nf8 28. Nbc4 Qc7 29. Rc2 Qb8 30. Na5 Qa8 31. Rc6 d5 32. exd5 Re8 33. Rxa6 Qc8 34. Rc6 Qh3 35. Qf5 Qh6 36. Ng4 Qd2 37. Rxf6 Qxd5 38. Rc6 Rd8 39. Rc1 Qa2 40. Nc4 Qe2 41. Qe4 Rd1+ 42. Rxd1 Qxd1+ 43. Kg2 f5 44. Nf2 1-0

[Event "Zhukovsky op"]
[Site "Zhukovsky"]
[Date "2012.04.??"]
[Round "6"]
[White "Pyhtynov, Oleg"]
[Black "Groisman, Anatoliy"]
[Result "1-0"]
[WhiteElo "2106"]
[BlackElo "2011"]
[PlyCount "91"]
[EventDate "2012.04.??"]
[EventType "swiss"]
[EventRounds "9"]
[EventCountry "RUS"]
[SourceTitle "EXT 2014"]
[Source "ChessBase"]
[SourceDate "2013.11.20"]
[SourceVersion "1"]
[SourceVersionDate "2013.11.20"]
[SourceQuality "1"]

1. Nf3 d5 2. d4 Nf6 3. c4 e6 4. Nc3 Nbd7 5. cxd5 exd5 6. Bf4 c6 7. a3 Be7 8. e3 0-0 9. Bd3 Re8 10. 0-0 Nf8 11. h3 Ng6 12. Bh2 Bd6 13. Bxd6 Qxd6 14. b4 a6 15. Na4 Ne4 16. Nc5 Re7 17. Qc2 Nxc5 18. Qxc5 Qf6 19. Kh2 Bf5 20. Bxf5 Qxf5 21. a4 Qd7 22. Rfc1 Re6 23. b5 Qd6+ 24. Qxd6 Rxd6 25. bxc6 bxc6 26. Rab1 f6 27. Rb7 Kf8 28. Nd2 f5 29. g3 Ne7 30. Nf3 h6 31. h4 g6 32. Ne5 g5 33. hxg5 hxg5 34. Kg2 Rh6 35. Rc7 Rc8 36. Ra7 c5 37. Nd7+ Ke8 38. Nxc5 f4 39. exf4 gxf4 40. Re1 Rh7 41. Rxa6 fxg3 42. fxg3 Rb8 43. Re2 Kd8 44. Ra7 Rb4 45. Ra8+ Nc8 46. Ne6+ 1-0

[Event "Zhukovsky op"]
[Site "Zhukovsky"]
[Date "2012.04.??"]
[Round "2"]
[White "Pyhtynov, Oleg"]
[Black "Tarabtsev, Ivan"]
[Result "1/2-1/2"]
[WhiteElo "2106"]
[BlackElo "2003"]
[PlyCount "52"]
[EventDate "2012.04.??"]
[EventType "swiss"]
[EventRounds "9"]
[EventCountry "RUS"]
[SourceTitle "EXT 2014"]
[Source "ChessBase"]
[SourceDate "2013.11.20"]
[SourceVersion "1"]
[SourceVersionDate "2013.11.20"]
[SourceQuality "1"]

1. Nf3 d5 2. c4 c6 3. cxd5 cxd5 4. d4 Nc6 5. Nc3 Nf6 6. Bf4 a6 7. a3 Bg4 8. e3 e6 9. Be2 Bd6 10. Bg3 0-0 11. Nd2 Bxe2 12. Qxe2 Rc8 13. 0-0 Na5 14. Rfc1 Nc4 15. b4 a5 16. Nxc4 Rxc4 17. Bxd6 Qxd6 18. Nb5 Rxc1+ 19. Rxc1 Qb6 20. f3 Ne8 21. Rc8 Nd6 22. Nxd6 Qxd6 23. Rxf8+ Kxf8 24. Qb5 axb4 25. axb4 Qc6 26. Qxc6 bxc6 1/2-1/2

[Event "Zhukovsky op"]
[Site "Zhukovsky"]
[Date "2011.02.22"]
[Round "6"]
[White "Pyhtynov, Oleg"]
[Black "Zhukovsky, Viacheslav"]
[Result "1/2-1/2"]
[WhiteElo "2026"]
[BlackElo "2157"]
[PlyCount "112"]
[EventDate "2011.02.17"]
[EventType "swiss"]
[EventRounds "9"]
[EventCountry "RUS"]
[SourceTitle "CBM 141 Extra"]
[Source "ChessBase"]
[SourceDate "2011.05.03"]
[SourceVersion "1"]
[SourceVersionDate "2011.05.03"]
[SourceQuality "1"]

1. Nf3 e6 2. c4 d5 3. d4 Nf6 4. Nc3 c6 5. e3 Bb4 6. Bd2 0-0 7. Bd3 Nbd7 8. 0-0 Qe7 9. a3 dxc4 10. Bxc4 Bd6 11. e4 e5 12. Re1 exd4 13. Nxd4 Ne5 14. Be2 Rd8 15. Nc2 Neg4 16. h3 Bf4 17. Nd5 Nxd5 18. exd5 Bxd2 19. Qxd2 Nf6 20. Bf3 Qd6 21. Rad1 Be6 22. Qa5 Bxd5 23. Ne3 b6 24. Qa6 h6 25. Nxd5 cxd5 26. Rd4 Rd7 27. Red1 Rad8 28. b4 Qe5 29. Qd3 g6 30. Qb3 Kg7 31. a4 Rd6 32. a5 bxa5 33. bxa5 Ne8 34. Rxd5 Rxd5 35. Rxd5 Rxd5 36. Qxd5 Qe1+ 37. Kh2 Qxf2 38. a6 Nf6 39. Qb7 Qd4 40. Qc7 h5 41. Qb7 h4 42. Qc6 Nd7 43. Qb7 Ne5 44. Bd5 Qf2 45. Qe7 Nd3 46. Qe8 Qf4+ 47. Kh1 Nc1 48. Bf3 Nb3 49. Qd7 Nd2 50. Bd5 Nf1 51. Qxa7 Ng3+ 52. Kh2 Ne2+ 53. Kh1 Qf1+ 54. Kh2 Qf4+ 55. Kh1 Ng3+ 56. Kh2 Ne2+ 1/2-1/2

[Event "Zhukovsky op"]
[Site "Zhukovsky"]
[Date "2011.02.21"]
[Round "5"]
[White "Pyhtynov, Oleg"]
[Black "Luzhetskiy, Yuri"]
[Result "1-0"]
[WhiteElo "2026"]
[BlackElo "2132"]
[PlyCount "105"]
[EventDate "2011.02.17"]
[EventType "swiss"]
[EventRounds "9"]
[EventCountry "RUS"]
[SourceTitle "CBM 141 Extra"]
[Source "ChessBase"]
[SourceDate "2011.05.03"]
[SourceVersion "1"]
[SourceVersionDate "2011.05.03"]
[SourceQuality "1"]

1. Nf3 Nf6 2. c4 c5 3. Nc3 g6 4. g3 b6 5. Bg2 Bb7 6. b3 Bg7 7. Bb2 0-0 8. 0-0 Nc6 9. d4 Nxd4 10. Nxd4 Bxg2 11. Kxg2 cxd4 12. Qxd4 d6 13. Rad1 Nd7 14. Qd2 Qc7 15. Nd5 Qb7 16. Kg1 Nc5 17. Bxg7 Kxg7 18. h4 Rad8 19. h5 f6 20. f3 g5 21. Qe3 e6 22. Nc3 Qf7 23. Kg2 Rd7 24. Nb5 Rfd8 25. Nd4 a5 26. a3 Re8 27. Nb5 Red8 28. b4 axb4 29. axb4 Na6 30. Qxb6 Nxb4 31. Nxd6 Qe7 32. Qxb4 Rxd6 33. Rxd6 Qxd6 34. Qxd6 Rxd6 35. Rc1 f5 36. c5 Rc6 37. Kf2 g4 38. Ke3 Kh6 39. Kd4 Kxh5 40. Kc4 Kg6 41. Kb5 Rc8 42. c6 h5 43. fxg4 fxg4 44. c7 h4 45. gxh4 Kh5 46. Kb6 Kxh4 47. Kb7 Re8 48. c8Q Rxc8 49. Kxc8 Kg3 50. e4 e5 51. Rf1 Kh4 52. Kd7 g3 53. Ke6 1-0

[Event "Zhukovsky op"]
[Site "Zhukovsky"]
[Date "2011.02.18"]
[Round "2"]
[White "Pyhtynov, Oleg"]
[Black "Lifanov, Mikhail"]
[Result "0-1"]
[WhiteElo "2026"]
[BlackElo "2200"]
[PlyCount "128"]
[EventDate "2011.02.17"]
[EventType "swiss"]
[EventRounds "9"]
[EventCountry "RUS"]
[SourceTitle "CBM 141 Extra"]
[Source "ChessBase"]
[SourceDate "2011.05.03"]
[SourceVersion "1"]
[SourceVersionDate "2011.05.03"]
[SourceQuality "1"]

1. Nf3 Nf6 2. c4 g6 3. d4 Bg7 4. Nc3 0-0 5. e4 d6 6. Be2 Na6 7. 0-0 e5 8. dxe5 dxe5 9. Qc2 Nh5 10. Rd1 Qe8 11. a3 Nf4 12. Bxf4 exf4 13. Nd5 c6 14. Nxf4 Nc5 15. Bd3 Bg4 16. Ne2 Bxf3 17. gxf3 Qe5 18. Rab1 Qh5 19. Kg2 Ne6 20. Ng3 Qh4 21. Bf1 Nd4 22. Qc1 Be5 23. c5 Rad8 24. Qc4 Rd7 25. Rd3 Rfd8 26. Rbd1 Kg7 27. b4 h5 28. Qc1 Qf6 29. Rxd4 Rxd4 30. Rxd4 Rxd4 31. Ne2 Rd8 32. f4 Bc7 33. Qe3 Kh7 34. e5 Qe6 35. Ng3 Rd1 36. Be2 Rb1 37. Ne4 Kg7 38. Ng5 Qb3 39. Qxb3 Rxb3 40. Bc4 Rxa3 41. e6 fxe6 42. Nxe6+ Kf6 43. Nxc7 Ra4 44. Bd3 Rxb4 45. Ne8+ Kf7 46. Nd6+ Kg7 47. Nc4 Kf6 48. h4 b6 49. Kf3 Rb3 50. Ke2 Rb5 51. Ne5 Rb2+ 52. Ke3 bxc5 53. Nd7+ Kg7 54. Nxc5 a5 55. Be4 Rb6 56. Nd7 Rb4 57. Bxc6 a4 58. Ne5 Rb3+ 59. Kd4 a3 60. Bd5 a2 61. Bxb3 a1Q+ 62. Kd3 Qb2 63. Bc2 Qb5+ 64. Kd4 Qb6+ 0-1

[Event "Zhukovsky op"]
[Site "Zhukovsky"]
[Date "2011.02.17"]
[Round "1"]
[White "Pyhtynov, Oleg"]
[Black "Balvas, Petr"]
[Result "1-0"]
[WhiteElo "2026"]
[BlackElo "1586"]
[PlyCount "39"]
[EventDate "2011.02.17"]
[EventType "swiss"]
[EventRounds "9"]
[EventCountry "RUS"]
[SourceTitle "CBM 141 Extra"]
[Source "ChessBase"]
[SourceDate "2011.05.03"]
[SourceVersion "1"]
[SourceVersionDate "2011.05.03"]
[SourceQuality "1"]

1. Nf3 c5 2. c4 Nc6 3. Nc3 d6 4. d4 cxd4 5. Nxd4 Nxd4 6. Qxd4 Nf6 7. e4 g6 8. Be2 Bg7 9. 0-0 0-0 10. Be3 Ng4 11. Qd2 Nxe3 12. Qxe3 Bxc3 13. Qxc3 e5 14. Rfd1 f5 15. c5 Qh4 16. Bc4+ Kg7 17. cxd6 Bd7 18. Qxe5+ Kh6 19. Qe7 Rac8 20. Qxh4+ 1-0

[Event "Zhukovsky-A 02"]
[Site "Zhukovsky"]
[Date "2011.02.09"]
[Round "9"]
[White "Borzov, Roman"]
[Black "Pyhtynov, Oleg"]
[Result "1/2-1/2"]
[WhiteElo "1985"]
[BlackElo "2026"]
[PlyCount "90"]
[EventDate "2011.02.09"]
[EventType "swiss"]
[EventRounds "9"]
[EventCountry "RUS"]
[SourceTitle "EXT 2022"]
[Source "ChessBase"]
[SourceDate "2021.10.06"]
[SourceVersion "1"]
[SourceVersionDate "2021.10.06"]
[SourceQuality "1"]

1. e4 c5 2. Nf3 Nc6 3. d4 cxd4 4. Nxd4 e5 5. Nb5 a6 6. Nd6+ Bxd6 7. Qxd6 Qf6 8. Qd1 Qg6 9. Nc3 Nge7 10. h4 h5 11. Bg5 d6 12. Be2 Be6 13. 0-0 f6 14. Be3 Rd8 15. Bf3 Bg4 16. g3 0-0 17. Bxg4 hxg4 18. Qe2 b5 19. a3 d5 20. exd5 Nxd5 21. Nxd5 Rxd5 22. c4 Qe4 23. cxd5 Nd4 24. Bxd4 Qxe2 25. Bc5 Rd8 26. d6 Qxb2 27. Rfd1 Kf7 28. Rac1 Ke6 29. Bb4 a5 30. Bc5 f5 31. Rb1 Qe2 32. Rbc1 Qb2 33. Rb1 Qe2 34. Rdc1 Qd3 35. Rb2 f4 36. gxf4 exf4 37. Re1+ Kd5 38. Bb6 Rxd6 39. Bxa5 Qh3 40. Rxb5+ Kc6 41. Rb6+ Kd7 42. Rb7+ Kc6 43. Rb6+ Kd7 44. Rb7+ Kc6 45. Rb6+ Kd7 1/2-1/2

[Event "Zhukovsky-A 02"]
[Site "Zhukovsky"]
[Date "2011.02.09"]
[Round "1"]
[White "Listratov, Artem"]
[Black "Pyhtynov, Oleg"]
[Result "1/2-1/2"]
[WhiteElo "2103"]
[BlackElo "2026"]
[PlyCount "103"]
[EventDate "2011.02.09"]
[EventType "swiss"]
[EventRounds "9"]
[EventCountry "RUS"]
[SourceTitle "EXT 2022"]
[Source "ChessBase"]
[SourceDate "2021.10.06"]
[SourceVersion "1"]
[SourceVersionDate "2021.10.06"]
[SourceQuality "1"]

1. f4 d5 2. d4 e6 3. e3 f5 4. Nf3 Nf6 5. Bd3 Bd6 6. 0-0 0-0 7. c4 c6 8. Nc3 b6 9. Bd2 Bb7 10. Rc1 Nbd7 11. cxd5 cxd5 12. Nb5 Bb8 13. Bb4 Re8 14. Bd6 a6 15. Bxb8 axb5 16. Bc7 Qe7 17. Bxb5 Rxa2 18. Qb3 Rea8 19. Ne5 Nxe5 20. fxe5 Ne4 21. Rfd1 Qg5 22. Bxb6 Ba6 23. Bxa6 R2xa6 24. Bc5 f4 25. exf4 Qxf4 26. Rf1 Qg5 27. Qf3 h6 28. Ba3 Kh8 29. Qf4 Qg6 30. Rc7 R6a7 31. Rfc1 Kh7 32. Rxa7 Rxa7 33. Rc8 Ng5 34. Qe3 Rf7 35. Rc1 Nf3+ 36. Kh1 Nh4 37. Qg3 Qxg3 38. hxg3 Nf5 39. Bc5 Nxg3+ 40. Kh2 Ne4 41. b4 Rf2 42. b5 Rb2 43. b6 Rb5 44. Kg1 Kg6 45. Bf8 Rxb6 46. Rc7 Ra6 47. Rxg7+ Kh5 48. Kh2 Ng5 49. Rg8 Ra4 50. Bc5 Kg4 51. Rg6 Ra2 52. Rg8 1/2-1/2

[Event "Zhukovsky-A 02"]
[Site "Zhukovsky"]
[Date "2011.02.09"]
[Round "4"]
[White "Pyhtynov, Oleg"]
[Black "Ivanov, Andrey Vlad"]
[Result "1-0"]
[WhiteElo "2026"]
[BlackElo "1758"]
[PlyCount "75"]
[EventDate "2011.02.09"]
[EventType "swiss"]
[EventRounds "9"]
[EventCountry "RUS"]
[SourceTitle "EXT 2022"]
[Source "ChessBase"]
[SourceDate "2021.10.06"]
[SourceVersion "1"]
[SourceVersionDate "2021.10.06"]
[SourceQuality "1"]

1. Nf3 d5 2. c4 c6 3. d4 Bf5 4. Nc3 Nf6 5. cxd5 cxd5 6. Bf4 a6 7. e3 e6 8. Bd3 Bxd3 9. Qxd3 Nc6 10. a3 Be7 11. 0-0 Nh5 12. Bg3 Nxg3 13. hxg3 0-0 14. b4 g6 15. Na4 Nb8 16. Rfc1 Nd7 17. Rab1 b5 18. Nc5 Nb6 19. Ne5 Bg5 20. Ra1 Nc4 21. Nf3 Bh6 22. Rcb1 Re8 23. a4 f6 24. Ra2 e5 25. Qc3 Qb6 26. Rba1 a5 27. axb5 axb4 28. Qxb4 Rxa2 29. Rxa2 exd4 30. exd4 Rb8 31. Nd7 Qxb5 32. Nxf6+ Kf7 33. Qxb5 Rxb5 34. Ng4 Rb1+ 35. Kh2 Bg7 36. Ra7+ Kf8 37. Ng5 Bxd4 38. Ne6+ 1-0

[Event "Moscow op-E"]
[Site "Moscow"]
[Date "2011.02.03"]
[Round "6.205"]
[White "Lomasov, Semen"]
[Black "Pyhtynov, Oleg"]
[Result "0-1"]
[WhiteElo "1777"]
[BlackElo "2026"]
[PlyCount "72"]
[EventDate "2011.01.29"]
[EventType "swiss"]
[EventRounds "9"]
[EventCountry "RUS"]
[SourceTitle "EXT 2022"]
[Source "ChessBase"]
[SourceDate "2021.10.06"]
[SourceVersion "1"]
[SourceVersionDate "2021.10.06"]
[SourceQuality "1"]

1. d4 d5 2. Nf3 Nf6 3. Bg5 e6 4. e3 Be7 5. Bd3 h6 6. Bh4 Nbd7 7. 0-0 0-0 8. Nbd2 c5 9. c3 c4 10. Bc2 b5 11. a3 a5 12. Qe2 Rb8 13. Bg3 Rb6 14. Rad1 b4 15. axb4 axb4 16. Ne5 Nxe5 17. dxe5 Nd7 18. e4 bxc3 19. bxc3 Rb2 20. Nf3 Qa5 21. exd5 Qxc3 22. Rd2 Ba3 23. dxe6 fxe6 24. Rc1 Qb4 25. Rd4 Nb6 26. h3 Bb7 27. Nd2 Qc5 28. Qg4 Ra2 29. Qxe6+ Kh8 30. Qg6 Rxc2 31. Rxc2 Qxd4 32. Ra2 c3 33. Nf3 Bxf3 34. Rxa3 Be4 35. Qg4 c2 36. Ra7 Qd1+ 0-1

[Event "Moscow op-E"]
[Site "Moscow"]
[Date "2011.01.29"]
[Round "1.54"]
[White "Pyhtynov, Oleg"]
[Black "Bukavshin, Ivan"]
[Result "0-1"]
[WhiteElo "2026"]
[BlackElo "2458"]
[PlyCount "72"]
[EventDate "2011.01.29"]
[EventType "swiss"]
[EventRounds "9"]
[EventCountry "RUS"]
[SourceTitle "EXT 2022"]
[Source "ChessBase"]
[SourceDate "2021.10.06"]
[SourceVersion "1"]
[SourceVersionDate "2021.10.06"]
[SourceQuality "1"]

1. Nf3 d5 2. c4 e6 3. d4 Nf6 4. Nc3 c6 5. e3 Nbd7 6. Be2 dxc4 7. Bxc4 b5 8. Bd3 a6 9. 0-0 c5 10. a3 Bb7 11. Bc2 Qc7 12. Bd2 cxd4 13. Nxd4 Bd6 14. h3 Ne5 15. Bb3 0-0 16. Qe2 Ng6 17. Rfd1 Rfd8 18. Rac1 Qb6 19. Be1 Nh4 20. f3 Ng6 21. Bf2 Nh5 22. Ba2 Bc7 23. b4 Qd6 24. f4 Nhxf4 25. exf4 Nxf4 26. Qg4 h5 27. Nxe6 hxg4 28. Rxd6 Bxd6 29. Nxd8 Rxd8 30. hxg4 Be5 31. Rd1 Rxd1+ 32. Nxd1 Bxg2 33. Ne3 Be4 34. Bb3 Bb2 35. a4 Bc3 36. Nc2 Ne2+ 0-1

[Event "Zhukovsky op 05"]
[Site "Zhukovsky"]
[Date "2011.??.??"]
[Round "9"]
[White "Buchkov, Nikolay"]
[Black "Pyhtynov, Oleg"]
[Result "1/2-1/2"]
[WhiteElo "1906"]
[BlackElo "2026"]
[PlyCount "83"]
[EventDate "2011.05.15"]
[EventType "swiss"]
[EventRounds "9"]
[EventCountry "RUS"]
[SourceTitle "EXT 2012"]
[Source "ChessBase"]
[SourceDate "2011.11.24"]
[SourceVersion "1"]
[SourceVersionDate "2011.11.24"]
[SourceQuality "1"]

1. d4 Nf6 2. Nf3 e6 3. c4 b6 4. g3 Bb7 5. Bg2 Bb4+ 6. Bd2 c5 7. Bxb4 cxb4 8. 0-0 0-0 9. Nbd2 a5 10. Re1 d6 11. e4 Qc7 12. a4 e5 13. d5 Na6 14. Nb3 Nc5 15. Nxc5 Qxc5 16. b3 Rae8 17. Bh3 Bc8 18. Bxc8 Qxc8 19. Kg2 Nd7 20. Nh4 Nc5 21. Re3 g6 22. h3 f5 23. exf5 gxf5 24. Qh5 Qd7 25. Rae1 Re7 26. f4 Rg7 27. Kh2 e4 28. Rg1 Qf7 29. Qxf7+ Rfxf7 30. Ng2 Kf8 31. Nh4 Rf6 32. Rd1 Rg8 33. Rd2 Rf7 34. Rg2 h5 35. Rge2 Kg7 36. Re1 Kf6 37. Rd1 Rfg7 38. Ra1 Rc7 39. Ng2 Nd7 40. Nh4 Ra8 41. Rg1 Nc5 42. Rg2 1/2-1/2

[Event "Zhukovsky op 05"]
[Site "Zhukovsky"]
[Date "2011.??.??"]
[Round "7"]
[White "Tselyutin, Viktor"]
[Black "Pyhtynov, Oleg"]
[Result "0-1"]
[WhiteElo "1830"]
[BlackElo "2026"]
[PlyCount "64"]
[EventDate "2011.05.15"]
[EventType "swiss"]
[EventRounds "9"]
[EventCountry "RUS"]
[SourceTitle "EXT 2012"]
[Source "ChessBase"]
[SourceDate "2011.11.24"]
[SourceVersion "1"]
[SourceVersionDate "2011.11.24"]
[SourceQuality "1"]

1. e4 c5 2. Nf3 Nc6 3. d4 cxd4 4. Nxd4 e5 5. Nf3 Nf6 6. Nc3 Bb4 7. Bd2 d6 8. Nd5 Bxd2+ 9. Nxd2 Nxd5 10. exd5 Ne7 11. Nb3 0-0 12. Qd2 Bf5 13. f3 Qc7 14. Bd3 Bxd3 15. Qxd3 f5 16. 0-0 Rac8 17. c3 f4 18. Rab1 Rf6 19. Rfd1 Nf5 20. Qb5 Rg6 21. Rd2 b6 22. Qe2 Nh4 23. Qf1 a5 24. Rbd1 a4 25. Nc1 Qc5+ 26. Kh1 Nf5 27. Qf2 Ne3 28. Rg1 Qb5 29. Qe2 Qc5 30. Qf2 Nf5 31. Qxc5 Ng3+ 32. hxg3 Rh6# 0-1

[Event "Zhukovsky-chA"]
[Site "Zhukovsky"]
[Date "2010.04.01"]
[Round "3"]
[White "Lazarenko, Viktor"]
[Black "Pyhtynov, Oleg"]
[Result "1/2-1/2"]
[WhiteElo "2091"]
[BlackElo "2066"]
[PlyCount "44"]
[EventDate "2010.04.01"]
[EventType "swiss"]
[EventRounds "9"]
[EventCountry "RUS"]
[SourceTitle "EXT 2022"]
[Source "ChessBase"]
[SourceDate "2021.10.06"]
[SourceVersion "1"]
[SourceVersionDate "2021.10.06"]
[SourceQuality "1"]

1. e4 c5 2. Nf3 Nc6 3. d4 cxd4 4. Nxd4 e5 5. Nb5 a6 6. Nd6+ Bxd6 7. Qxd6 Qf6 8. Qxf6 Nxf6 9. Nc3 Nd4 10. Bd3 h6 11. 0-0 0-0 12. Be3 Ne6 13. Rad1 b5 14. a3 Bb7 15. f3 d5 16. exd5 Nxd5 17. Nxd5 Bxd5 18. Bh7+ Kxh7 19. Rxd5 f6 20. Rfd1 Rad8 21. Rxd8 Rxd8 22. Rxd8 Nxd8 1/2-1/2

[Event "Zhukovsky-chA"]
[Site "Zhukovsky"]
[Date "2010.04.01"]
[Round "2"]
[White "Pyhtynov, Oleg"]
[Black "Ibragimov, Ali"]
[Result "0-1"]
[WhiteElo "2066"]
[BlackElo "2082"]
[PlyCount "80"]
[EventDate "2010.04.01"]
[EventType "swiss"]
[EventRounds "9"]
[EventCountry "RUS"]
[SourceTitle "EXT 2022"]
[Source "ChessBase"]
[SourceDate "2021.10.06"]
[SourceVersion "1"]
[SourceVersionDate "2021.10.06"]
[SourceQuality "1"]

1. Nf3 c5 2. c4 Nc6 3. Nc3 g6 4. g3 Bg7 5. Bg2 Nf6 6. d3 d5 7. cxd5 Nxd5 8. Bd2 Nxc3 9. bxc3 0-0 10. 0-0 Bg4 11. Rb1 Rb8 12. Qa4 Qd7 13. Qb5 Rfc8 14. Rfe1 b6 15. Qb3 e5 16. Ng5 h6 17. Nf3 e4 18. Nh4 Be6 19. Qa4 g5 20. Qxe4 gxh4 21. Qxh4 Ne5 22. Bxh6 Ng6 23. Qg5 Bxc3 24. Rec1 Bh8 25. h4 Qd8 26. Qh5 c4 27. f4 Qd4+ 28. Kh2 Rc5 29. Qf3 c3 30. Rc2 Qd7 31. e4 Bg4 32. Qf1 Rh5 33. f5 Nxh4 34. gxh4 Bf6 35. Qf4 Rxh4+ 36. Kg1 Qxd3 37. Rf1 Re8 38. Rcf2 Be2 39. Qe3 Bxf1 40. Rxf1 Bd4 0-1

[Event "Ramenskoe"]
[Site "Ramenskoe"]
[Date "2010.04.??"]
[Round "3"]
[White "Pyhtynov, Oleg"]
[Black "Dolgova, Tamara"]
[Result "1/2-1/2"]
[WhiteElo "2066"]
[BlackElo "1951"]
[PlyCount "133"]
[EventDate "2010.04.??"]
[EventType "swiss"]
[EventRounds "9"]
[EventCountry "RUS"]
[SourceTitle "EXT 2012"]
[Source "ChessBase"]
[SourceDate "2011.11.24"]
[SourceVersion "1"]
[SourceVersionDate "2011.11.24"]
[SourceQuality "1"]

1. Nf3 d5 2. c4 e6 3. d4 c5 4. Nc3 Nf6 5. Bg5 dxc4 6. e4 h6 7. Be3 cxd4 8. Nxd4 e5 9. Nf3 Qc7 10. Qa4+ Bd7 11. Qxc4 Qxc4 12. Bxc4 Nc6 13. a3 0-0-0 14. Bxf7 Ng4 15. Bd2 Bc5 16. 0-0 Rhf8 17. Bh5 g5 18. h3 Nf6 19. Bg6 g4 20. hxg4 Nxg4 21. b4 Bd4 22. Rac1 Kb8 23. Nxd4 Nxd4 24. f3 Nb3 25. Rcd1 Nxd2 26. Rxd2 Ne3 27. Ra1 Be6 28. Re2 Rd3 29. Na4 b6 30. Nb2 Rc3 31. a4 Rg8 32. Bh5 Nc2 33. Nd1 Rcc8 34. Rb1 Nd4 35. Rf2 Rg5 36. g4 Rgg8 37. Kg2 a6 38. Ne3 Kb7 39. Re1 Rc3 40. Nf5 Ra3 41. Nxh6 Rc8 42. Nf7 Nc2 43. Nd6+ Kb8 44. Nxc8 Nxe1+ 45. Kf1 Ra1 46. Nxb6 Nd3+ 47. Kg2 Nxf2 48. Kxf2 Rb1 49. b5 axb5 50. axb5 Kb7 51. Nd5 Rxb5 52. Ne3 Kc8 53. Kg3 Rb3 54. Ng2 Kd8 55. Nh4 Ke7 56. Bg6 Kf6 57. Bf5 Bc4 58. Bh7 Rb1 59. Bf5 Rg1+ 60. Kf2 Rh1 61. Ng2 Ra1 62. Ne3 Ra2+ 63. Kg3 Be2 64. Nd5+ Kg5 65. Nc3 Rc2 66. Nxe2 Rxe2 67. Be6 1/2-1/2

[Event "Ramenskoe"]
[Site "Ramenskoe"]
[Date "2010.04.??"]
[Round "6"]
[White "Pyhtynov, Oleg"]
[Black "Listratov, Artem"]
[Result "1/2-1/2"]
[WhiteElo "2066"]
[BlackElo "2073"]
[PlyCount "93"]
[EventDate "2010.04.??"]
[EventType "swiss"]
[EventRounds "9"]
[EventCountry "RUS"]
[SourceTitle "EXT 2012"]
[Source "ChessBase"]
[SourceDate "2011.11.24"]
[SourceVersion "1"]
[SourceVersionDate "2011.11.24"]
[SourceQuality "1"]

1. d4 Nf6 2. c4 e6 3. Nc3 Bb4 4. Bg5 d5 5. e3 0-0 6. Nf3 c5 7. a3 Bxc3+ 8. bxc3 Nc6 9. Bxf6 Qxf6 10. cxd5 exd5 11. Be2 c4 12. 0-0 Re8 13. Qb1 b6 14. a4 Bf5 15. Qb5 Qd6 16. Nd2 Na5 17. Rfc1 Red8 18. Bf3 g6 19. g3 h5 20. h4 Kg7 21. Bg2 Qc6 22. Qb4 Rab8 23. Qb5 Qc7 24. Qb2 Qd7 25. Qb5 Qe6 26. Re1 Bd3 27. f3 Qd7 28. e4 dxe4 29. fxe4 Qc7 30. e5 Re8 31. Kh2 Rbd8 32. Ne4 Bxe4 33. Rxe4 Qd7 34. Qxd7 Rxd7 35. Rf4 Nb3 36. Raf1 a6 37. R1f2 b5 38. axb5 axb5 39. Ra2 b4 40. cxb4 Rxd4 41. Rxd4 Nxd4 42. Ra7 Rxe5 43. Rc7 Re2 44. Rxc4 Nf3+ 45. Kh3 Ng1+ 46. Kh2 Nf3+ 47. Kh3 1/2-1/2

[Event "Zhukovsky op"]
[Site "Zhukovsky"]
[Date "2010.??.??"]
[Round "6"]
[White "Pyhtynov, Oleg"]
[Black "Chumurin, Aleksandr"]
[Result "1/2-1/2"]
[WhiteElo "2072"]
[BlackElo "1894"]
[PlyCount "74"]
[EventDate "2010.05.14"]
[EventType "swiss"]
[EventRounds "9"]
[EventCountry "RUS"]
[SourceTitle "EXT 2011"]
[Source "ChessBase"]
[SourceDate "2010.11.26"]
[SourceVersion "1"]
[SourceVersionDate "2010.11.26"]
[SourceQuality "1"]

1. Nf3 Nf6 2. c4 c6 3. d4 d5 4. Nc3 Bf5 5. cxd5 cxd5 6. Bf4 Qb6 7. Qb3 Qxb3 8. axb3 Nc6 9. e3 Nb4 10. Bb5+ Nd7 11. 0-0 f6 12. Na4 Nc6 13. Rac1 Rc8 14. Nc3 g5 15. Bg3 a6 16. Bxc6 Rxc6 17. Nxd5 Rc2 18. Rxc2 Bxc2 19. Nd2 e6 20. Nc7+ Kf7 21. Rc1 Bd3 22. d5 e5 23. Ne6 Bb4 24. Rc7 Bxd2 25. Rxd7+ Kg6 26. Rg7+ Kh6 27. h4 Bf5 28. hxg5+ fxg5 29. Bxe5 Re8 30. Rxb7 Bg6 31. Bg7+ Kh5 32. Bc3 Bxc3 33. Ng7+ Bxg7 34. Rxg7 Rd8 35. Ra7 Rxd5 36. Rxa6 Rb5 37. Rd6 Rxb3 1/2-1/2

[Event "Zhukovsky op"]
[Site "Zhukovsky"]
[Date "2010.??.??"]
[Round "9"]
[White "Pyhtynov, Oleg"]
[Black "Dolgova, Tamara"]
[Result "1/2-1/2"]
[WhiteElo "2072"]
[BlackElo "1959"]
[PlyCount "74"]
[EventDate "2010.05.14"]
[EventType "swiss"]
[EventRounds "9"]
[EventCountry "RUS"]
[SourceTitle "EXT 2011"]
[Source "ChessBase"]
[SourceDate "2010.11.26"]
[SourceVersion "1"]
[SourceVersionDate "2010.11.26"]
[SourceQuality "1"]

1. Nf3 d5 2. c4 e6 3. d4 c5 4. e3 Nf6 5. Nc3 Be7 6. dxc5 Bxc5 7. cxd5 exd5 8. Be2 Nc6 9. 0-0 0-0 10. a3 Re8 11. b4 Bf8 12. Bb2 Be6 13. Rc1 Ne4 14. Nd4 Nxd4 15. Qxd4 Nxc3 16. Bxc3 Qd7 17. Rfd1 Qa4 18. Bd3 Rac8 19. Bb2 a5 20. bxa5 Qxa5 21. Rxc8 Rxc8 22. h3 b5 23. e4 Qa4 24. Qxa4 bxa4 25. exd5 Bxd5 26. Bf5 Be6 27. Bxe6 fxe6 28. Rd7 Rc2 29. Rb7 h6 30. Be5 Bxa3 31. Rxg7+ Kf8 32. Ra7 Bc5 33. Rxa4 Bxf2+ 34. Kh2 Re2 35. Bd6+ Kf7 36. Rf4+ Kg6 37. Rf3 h5 1/2-1/2

[Event "Zhukovsky Rating-A 08"]
[Site "Zhukovsky"]
[Date "2009.08.14"]
[Round "2"]
[White "Rusakovsky, Oleg"]
[Black "Pyhtynov, Oleg"]
[Result "0-1"]
[WhiteElo "1971"]
[BlackElo "2047"]
[PlyCount "84"]
[EventDate "2009.08.14"]
[EventType "swiss"]
[EventRounds "7"]
[EventCountry "RUS"]
[SourceTitle "EXT 2022"]
[Source "ChessBase"]
[SourceDate "2021.10.06"]
[SourceVersion "1"]
[SourceVersionDate "2021.10.06"]
[SourceQuality "1"]

1. e4 c5 2. Nf3 Nc6 3. d4 cxd4 4. Nxd4 e5 5. Nb5 a6 6. Nd6+ Bxd6 7. Qxd6 Qf6 8. Qc7 Nge7 9. Nc3 0-0 10. Bd3 d6 11. 0-0 Qg6 12. Kh1 h5 13. Nd5 Qe6 14. Nb6 Rb8 15. Bc4 Qg6 16. Nd5 Nxd5 17. exd5 Nd4 18. Bd3 e4 19. Be3 exd3 20. Bxd4 Bf5 21. cxd3 Bxd3 22. Rfd1 h4 23. Qc3 h3 24. Rg1 Rfc8 25. Qa3 Qf5 26. f3 hxg2+ 27. Rxg2 Qxf3 28. Kg1 g6 29. Qxd6 Be4 30. Rg3 Qh1+ 31. Kf2 Qxa1 32. Qe5 Rc2+ 33. Ke3 Qe1+ 34. Kf4 Rf2+ 35. Bxf2 Qxf2+ 36. Kg5 Qf5+ 37. Qxf5 Bxf5 38. Kf6 Rd8 39. Ke5 Kg7 40. d6 Re8+ 41. Kd5 Re2 42. Rb3 Be6+ 0-1